| 000 | 00713nam a2200229Ia 4500 | ||
|---|---|---|---|
| 001 | Para_9828 | ||
| 008 | 220602s9999 xx 000 0 und d | ||
| 020 | _a8423968146 (o.c.) \ 8423968235 (t. 1) \ 8423968243 (t. 2) | ||
| 082 | _aPA 463 R43 | ||
| 110 |
_aReal Academia Española _9157028 |
||
| 245 | _aDiccionario de la lengua española / Real Academia Española | ||
| 250 | _a22 | ||
| 260 | _aMéxico : Real Academia Española | ||
| 300 | _a2 v. | ||
| 500 | _aContiene: v.1 : a-g. -- v.2 : h-z | ||
| 650 |
_aEspañol (Lengua) - Diccionarios.Ì _9185058 |
||
| 901 | _aPA 463 R43 | ||
| 902 | _aM | ||
| 905 | _a5232202001 5070000000 06 | ||
| 942 | _c1 | ||
| 999 |
_c217233 _d217233 |
||